Ye Olde Cheshire Cheese Ltd v The Daily Telegraph (Record no. 13028)

MARC details
000 -LEADER
fixed length control field 01535cab a2200205 4500
001 - CONTROL NUMBER
control field ABS39859
008 - FIXED-LENGTH DATA ELEMENTS--GENERAL INFORMATION
fixed length control field 090401t1988 xxu||||| |||| 00| 0 eng d
035 ## - SYSTEM CONTROL NUMBER
System control number (Sirsi) u19507
041 ## - LANGUAGE CODE
Language code of text/sound track or separate title eng
245 ## - TITLE STATEMENT
Title Ye Olde Cheshire Cheese Ltd v The Daily Telegraph
260 ## - PUBLICATION, DISTRIBUTION, ETC.
Date of publication, distribution, etc. 1988
350 ## - PRICE (NR) (BK AM CF MU VM SE) [OBSOLETE]
Price 0
490 ## - SERIES STATEMENT
Series statement Estates Gazette
Volume/sequential designation (8839) 1 October 1988, 88-92(3)
520 ## - SUMMARY, ETC.
Summary, etc. ChD 4 May 1988. Preliminary issue on the summons of tenants (Y), for a new tenancy of licensed premises and action by landlords (D) for possession of two cellars let separately, but forming part of the premises. At issue was whether the cellars were protected as business premises under the Landlord and Tenant Act 1954 , qualifying on the grounds of restaurant use, or whether they were excluded from protection as licensed premises under s43(1)(d). The cellars consisted of a bottle store and dining-room used for private hire and could not be considered to be a restaurant. The judge concluded that the construction of the words in s43(1)(d) was ambiguous and in the circumstances it was legitimate to look at the statutory history in the Customs and Excise Act 1952 sched 4 and the Finance Act 1959 s2(6) and sched 2 for guidance to the meaning of the word "premises". "Premise" in the Customs and Excise Act did not refer to demised premises but to premises subject to an alcohol licence. It w
650 ## - SUBJECT ADDED ENTRY--TOPICAL TERM
Topical term or geographic name entry element CHESHIRE CHEESE
650 ## - SUBJECT ADDED ENTRY--TOPICAL TERM
Topical term or geographic name entry element FLEET STREET
690 ## - LOCAL SUBJECT ADDED ENTRY--TOPICAL TERM (OCLC, RLIN)
Topical term or geographic name as entry element LANDLORD AND TENANT-CASE LAW-BUSINESS TENANCIES
942 ## - ADDED ENTRY ELEMENTS (KOHA)
Suppress in OPAC 0
948 ## - LOCAL PROCESSING INFORMATION (OCLC); SERIES PART DESIGNATOR (RLIN)
c (OCLC) 04/03/1997
Holdings
Withdrawn status Lost status Source of classification or shelving scheme Damaged status Not for loan Home library Current library Shelving location Date acquired Total Checkouts Full call number Barcode Date last seen Copy number Price effective from Koha item type
    Dewey Decimal Classification     London London Journal article 14/09/1999   ABS39859 19507-1001 06/08/2019 1 06/08/2019 Law report